Germanic linguistics (Record no. 208619)
[ view plain ]
| 000 -LEADER | |
|---|---|
| fixed length control field | 01667nam a2200361 a 4500 |
| 245 10 - TITLE STATEMENT | |
| Title | Germanic linguistics |
| 260 ## - PUBLICATION, DISTRIBUTION, ETC. (IMPRINT) | |
| Place of publication | Amsterdam ; |
| -- | Philadelphia : |
| Name of publisher | J. Benjamins, |
| Year of publication | 1998. |
| 300 ## - PHYSICAL DESCRIPTION | |
| Number of Pages | x, 360 p. : |
| Other physical details | ill. |
| 490 0# - SERIES STATEMENT | |
| Series statement | Historical linguistics 1995 : selected papers from the 12th International Conference on Historical Linguistics, Manchester, August 1995 ; |
| 650 #0 - SUBJECT ADDED ENTRY--TOPICAL TERM | |
| Topical Term | Historical linguistics |
| 700 1# - ADDED ENTRY--PERSONAL NAME | |
| Personal name | Hogg, Richard M. |
| Personal name | Bergen, Linda van. |
| 856 40 - ELECTRONIC LOCATION AND ACCESS | |
| Uniform Resource Identifier | http://site.ebrary.com/lib/rucke/Doc?id=10589168 |
No items available.
